[Event "4NCL/Div1/RIC vs. GUI1"]
[Site "West Bromwich ENG"]
[Date "2002.11.23"]
[Round "1.5"]
[White "Franklin, Michael J"]
[Black "Plaskett, James"]
[Result "0-1"]
[WhiteElo "2222"]
[BlackElo "2467"]
[PlyCount "114"]
[EventDate "2002.11.23"]

1. d4 c5 2. e3 Nf6 3. Nf3 b6 4. Nbd2 Bb7 5. Bd3 cxd4 6. exd4 g6 7. c3 Bg7 8.
O-O O-O 9. Re1 Re8 10. Ne4 Nxe4 11. Bxe4 Bxe4 12. Rxe4 d6 13. Qb3 Nd7 14. Re2
Nf6 15. Bg5 Qd7 16. Rae1 b5 17. a3 Rac8 18. Rd1 Qb7 19. a4 a6 20. axb5 axb5 21.
Ra1 Nd5 22. Ra5 Rb8 23. c4 Nc7 24. c5 Qc6 25. Rxe7 Rxe7 26. Bxe7 dxc5 27. Bxc5
Bxd4 28. Nxd4 Qxc5 29. Nc2 Rd8 30. Ra1 Rd2 31. Ne3 Nd5 32. Rf1 Nxe3 33. fxe3
Qd5 34. Qxd5 Rxd5 35. Rf2 Rd1+ 36. Rf1 Rd3 37. Rf2 Rxe3 38. Rc2 Kg7 39. Kf2 Rb3
40. Ke2 h5 41. Kd2 g5 42. Kc1 Kg6 43. Rc6+ f6 44. Kc2 Re3 45. Kd2 Re5 46. Rb6
h4 47. h3 Kf5 48. Kd3 Kf4 49. Rxf6+ Kg3 50. Kd4 Re2 51. Rf5 Rxg2 52. Rxg5+ Kxh3
53. Rxb5 Rg4+ 54. Kc3 Kg2 55. b4 h3 56. Rd5 h2 57. Rd2+ Kh3 0-1

[Event "4NCL/Div1/RIC vs. GUI1"]
[Site "West Bromwich ENG"]
[Date "2002.11.23"]
[Round "1.6"]
[White "Matros, Alexander"]
[Black "Webb, Laurence E"]
[Result "1-0"]
[WhiteElo "2452"]
[BlackElo "2279"]
[PlyCount "105"]
[EventDate "2002.11.23"]

1. d4 Nf6 2. c4 e6 3. Nf3 Bb4+ 4. Nbd2 O-O 5. a3 Bxd2+ 6. Qxd2 d6 7. e3 b6 8.
Be2 Bb7 9. b4 Nbd7 10. Bb2 Ne4 11. Qc2 f5 12. O-O Ng5 13. Ne1 Qe7 14. f3 a5 15.
Nd3 axb4 16. axb4 Nf6 17. Bc3 Nf7 18. Qb2 Rfe8 19. Rxa8 Rxa8 20. Ra1 Rxa1+ 21.
Qxa1 Qe8 22. Nf4 e5 23. dxe5 dxe5 24. Nh3 h6 25. Nf2 Nd7 26. e4 fxe4 27. fxe4
Nf6 28. Bd3 Kh8 29. Kf1 Kg8 30. Qa7 Qa8 31. Qxa8+ Bxa8 32. Ke2 Kf8 33. Ke3 Ke7
34. c5 bxc5 35. bxc5 Nd7 36. Bb5 Nf6 37. Bc4 Nd7 38. Ba5 c6 39. Nd3 Bb7 40. Bc7
Bc8 41. Bxf7 Kxf7 42. Bxe5 Ba6 43. Bd6 Bxd3 44. Kxd3 Ke6 45. Kd4 g6 46. e5 Kf5
47. g4+ Ke6 48. Ke4 Kf7 49. Kf4 Ke6 50. h4 Kf7 51. h5 gxh5 52. gxh5 Ke6 53. Ke4
1-0

[Event "4NCL/Div1/RIC vs. GUI1"]
[Site "West Bromwich ENG"]
[Date "2002.11.23"]
[Round "1.7"]
[White "Nixon, Thomas CM"]
[Black "Povah, Nigel E"]
[Result "1/2-1/2"]
[WhiteElo "2204"]
[BlackElo "2360"]
[PlyCount "114"]
[EventDate "2002.11.23"]

1. d4 Nf6 2. c4 e6 3. Nf3 c5 4. g3 cxd4 5. Nxd4 d5 6. Bg2 e5 7. Nf3 d4 8. O-O
Nc6 9. Qb3 Nd7 10. Nfd2 Nc5 11. Qd1 Be7 12. a3 a5 13. Ne4 Ne6 14. e3 f5 15.
exd4 exd4 16. Ned2 O-O 17. Bd5 Kh8 18. f4 Bf6 19. Ra2 Nc5 20. b3 Be6 21. Bg2
Nd3 22. Nf3 Nxc1 23. Qxc1 Qb6 24. Nbd2 Rfe8 25. Ne1 d3+ 26. Kh1 Rad8 27. Qb1
Bf7 28. Nxd3 Re2 29. Bf3 Re3 30. Nc1 Nd4 31. Bg2 Be8 32. c5 Qxc5 33. Nc4 Re7
34. Nd3 Qb5 35. Nde5 Nxb3 36. a4 Qb4 37. Rb2 Bxa4 38. Rd1 Rxd1+ 39. Qxd1 Rc7
40. Bd5 h6 41. Rxb3 Bxb3 42. Qxb3 Qe1+ 43. Kg2 Qe2+ 44. Kg1 Bxe5 45. fxe5 Rc5
46. Bf7 b5 47. Qa3 Qe1+ 48. Kg2 Qe4+ 49. Kh3 Rc8 50. Be6 b4 51. Qa4 Rf8 52. Nd6
Qf3 53. Qd7 Qg4+ 54. Kg2 Qe2+ 55. Kh3 Qg4+ 56. Kg2 Qe2+ 57. Kh3 Qg4+ 1/2-1/2

[Event "4NCL/Div1/RIC vs. GUI1"]
[Site "West Bromwich ENG"]
[Date "2002.11.23"]
[Round "1.8"]
[White "Yurenok, Maria S"]
[Black "Wilson, Alexandra"]
[Result "1/2-1/2"]
[WhiteElo "2103"]
[BlackElo "2029"]
[PlyCount "85"]
[EventDate "2002.11.23"]

1. d4 Nf6 2. Nf3 g6 3. Bg5 Bg7 4. Nbd2 c5 5. Bxf6 Bxf6 6. Ne4 Bxd4 7. Nxd4 cxd4
8. Qxd4 O-O 9. Nc3 Nc6 10. Qd2 Qa5 11. e4 d6 12. Be2 Be6 13. O-O Ne5 14. Rfd1
Rfc8 15. Nd5 Qxd2 16. Rxd2 Bxd5 17. exd5 Nc4 18. Bxc4 Rxc4 19. Re1 Rac8 20. c3
R8c7 21. f3 b5 22. Kf2 a5 23. Re4 R4c5 24. a3 h5 25. Ke3 Rb7 26. Red4 Kg7 27.
f4 Kf6 28. g3 Rb8 29. h3 Rb7 30. g4 hxg4 31. hxg4 Rb8 32. g5+ Kg7 33. Rh2 b4
34. axb4 axb4 35. c4 Rbc8 36. b3 Ra8 37. Rd3 Rca5 38. Ke4 Ra2 39. Rxa2 Rxa2 40.
Kd4 Rf2 41. Ke3 Rb2 42. Kd4 Rf2 43. Ke3 1/2-1/2

[Event "4NCL/Div1/BAR1 vs. BAR2"]
[Site "West Bromwich ENG"]
[Date "2002.11.23"]
[Round "1.1"]
[White "Palliser, Richard"]
[Black "Trent, Lawrence"]
[Result "1-0"]
[WhiteElo "2455"]
[BlackElo "2254"]
[PlyCount "83"]
[EventDate "2002.11.23"]

1. d4 Nf6 2. Nf3 g6 3. c4 Bg7 4. Nc3 O-O 5. e4 d6 6. Be2 e5 7. d5 a5 8. Bg5 h6
9. Bh4 Qe8 10. Nd2 Na6 11. O-O Nh7 12. a3 h5 13. f3 Bd7 14. Kh1 Bh6 15. b3 Be3
16. Qc2 Bc5 17. Bf2 Bxf2 18. Rxf2 f5 19. exf5 gxf5 20. Re1 Qg6 21. f4 e4 22.
Nd1 Nf6 23. Ne3 Ng4 24. Nxg4 hxg4 25. Nf1 Rfe8 26. Ne3 g3 27. Rff1 Nc5 28. b4
axb4 29. axb4 Na6 30. Rb1 Qf6 31. hxg3 Qd4 32. Qc1 Re7 33. Kg1 Rg7 34. Kf2 Qf6
{(=)} 35. Rh1 Qg6 36. Rh3 Qf6 37. Qh1 Nb8 38. Rh8+ Kf7 39. Rh6 Qd4 40. Qh5+ Ke7
41. Qh4+ Kf7 42. Bh5+ 1-0

[Event "4NCL/Div1/BAR1 vs. BAR2"]
[Site "West Bromwich ENG"]
[Date "2002.11.23"]
[Round "1.2"]
[White "Shikerov, Stefan"]
[Black "Kelly, Brian"]
[Result "1/2-1/2"]
[WhiteElo "2339"]
[BlackElo "2451"]
[PlyCount "194"]
[EventDate "2002.11.23"]

1. d4 d5 2. c4 c6 3. Nf3 Nf6 4. Qb3 dxc4 5. Qxc4 Bf5 6. Nc3 e6 7. Bg5 Be7 8.
Bxf6 Bxf6 9. e4 Bg4 10. Ne5 Bxe5 11. dxe5 Nd7 12. Qd4 Qg5 13. f3 Bh5 14. h4
Qxe5 15. O-O-O Qxd4 16. Rxd4 f6 17. Bc4 Ke7 18. Rhd1 Rhd8 19. g4 Bf7 20. f4 Nf8
21. Rxd8 Rxd8 22. Rxd8 Kxd8 23. Kd2 Ke7 24. h5 Be8 25. Ke3 e5 26. f5 h6 27. Bg8
Kd6 28. Kd3 a5 29. Nd1 Nd7 30. Nf2 b5 31. Nd1 Nb6 32. a3 a4 33. Be6 c5 34. Nf2
b4 35. Kd2 Bb5 36. Nd1 Bc4 37. Ne3 Bxe6 38. fxe6 Kxe6 39. Kd3 bxa3 40. bxa3 Nc8
41. Kc4 Nd6+ 42. Kxc5 Nxe4+ 43. Kb4 Nd6 44. Kxa4 e4 45. Kb4 Ke5 46. Kc5 Nc8 47.
Nd5 f5 48. gxf5 Kxf5 49. a4 Kg4 50. a5 Kxh5 51. a6 Kg4 52. Kc6 h5 53. Kc7 Na7
54. Kb7 Nb5 55. Ne3+ Kf4 56. Kb6 Nd6 57. Kc6 Nc8 58. Kc7 Na7 59. Kb7 Kxe3 60.
Kxa7 h4 61. Kb8 h3 62. a7 h2 63. a8=Q h1=Q 64. Qa7+ Kd3 65. Qa3+ Kc4 66. Qa2+
Kc5 67. Qa7+ Kd6 68. Qc7+ Ke6 69. Qc6+ Kf5 70. Qd7+ Kg6 71. Qe6+ Kh7 72. Qf5+
g6 73. Qf7+ Kh6 74. Qf4+ Kg7 75. Qe5+ Kf7 76. Qc7+ Ke6 77. Qc6+ {(=)} 77... Kf5
78. Qd5+ Kf4 79. Qd6+ Ke3 80. Qb6+ Kd3 81. Qb3+ Kd4 82. Qb4+ Kd5 83. Qb5+ Kd6
84. Qb6+ Ke5 85. Qc5+ Kf4 86. Qd6+ Kf3 87. Qf6+ Kg3 88. Qg5+ Kf2 89. Qd2+ Kf3
90. Qc3+ Kg4 91. Qc8+ Kg3 92. Qc7+ Kg2 93. Qc2+ Kh3 94. Qc8+ Kg3 95. Qc7+ Kg4
96. Qc8+ Kg5 97. Qc5+ Kg4 1/2-1/2

[Event "4NCL/Div1/BAR1 vs. BAR2"]
[Site "West Bromwich ENG"]
[Date "2002.11.23"]
[Round "1.3"]
[White "Rogers, Jonathan W"]
[Black "Mack, Andrew"]
[Result "1-0"]
[WhiteElo "2346"]
[BlackElo "2272"]
[PlyCount "79"]
[EventDate "2002.11.23"]

1. Nf3 Nf6 2. b4 g6 3. Bb2 Bg7 4. e3 O-O 5. Be2 d6 6. d4 Nbd7 7. O-O e5 8. c4
exd4 9. Nxd4 Re8 10. Nc3 Ne5 11. h3 a6 12. Rc1 Bd7 13. Ba1 Qc8 14. Kh2 h5 15.
Nd5 Ne4 16. f3 Ng5 17. f4 Nxh3 18. fxe5 Bxe5+ 19. Nf4 Ng5 20. Nf3 Nxf3+ 21.
Bxf3 Qd8 22. Kg1 Qg5 23. Bxb7 Rab8 24. Bd5 Re7 25. Qd2 c6 26. Bf3 Rbe8 27. Bd4
h4 28. c5 d5 29. Bxd5 cxd5 30. c6 Bc8 31. Nxd5 Bh2+ 32. Kxh2 Qxd5 33. Qf2 h3
34. gxh3 Bxh3 35. Kxh3 Re4 36. Rc5 Qe6+ 37. Kh2 Rg4 38. Re5 Qxe5+ 39. Bxe5 f5
40. Rg1 1-0

[Event "4NCL/Div1/BAR1 vs. BAR2"]
[Site "West Bromwich ENG"]
[Date "2002.11.23"]
[Round "1.4"]
[White "Berry, Neil"]
[Black "Knott, Simon"]
[Result "1/2-1/2"]
[WhiteElo "2276"]
[BlackElo "2401"]
[PlyCount "70"]
[EventDate "2002.11.23"]

1. Nf3 Nf6 2. c4 g6 3. Nc3 d5 4. Qa4+ Bd7 5. Qb3 dxc4 6. Qxc4 Bg7 7. e4 O-O 8.
e5 Ne8 9. d4 c6 10. Be2 Na6 11. O-O Nec7 12. Be3 b5 13. Qb3 Be6 14. Qd1 Nb4 15.
Ng5 Bf5 16. g4 Bd7 17. Nge4 Nbd5 18. Nxd5 Nxd5 19. Nc5 Qc8 20. Bf3 Be6 21. Rc1
a5 22. Bg5 f6 23. exf6 exf6 24. Nxe6 Qxe6 25. Re1 Qd7 26. Be3 a4 27. Rc5 Rfc8
28. Qd2 Bf8 29. Rcc1 a3 30. b3 Kh8 31. Bxd5 cxd5 32. Qe2 Bb4 33. Red1 Re8 34.
Qf3 Ra6 35. Rc2 Ree6 1/2-1/2

[Event "4NCL/Div1/BAR1 vs. BAR2"]
[Site "West Bromwich ENG"]
[Date "2002.11.23"]
[Round "1.5"]
[White "Collins, Sam"]
[Black "Coleman, David"]
[Result "0-1"]
[WhiteElo "2372"]
[BlackElo "2239"]
[PlyCount "60"]
[EventDate "2002.11.23"]

1. e4 c5 2. Nf3 d6 3. d4 cxd4 4. Nxd4 Nf6 5. Nc3 a6 6. f4 Qc7 7. a4 b6 8. Bd3
g6 9. Nf3 Nbd7 10. O-O Bg7 11. Qe1 Bb7 12. Qh4 e6 13. f5 gxf5 14. exf5 e5 15.
Bh6 Bxh6 16. Qxh6 Rg8 17. Ng5 Qc5+ 18. Kh1 Qe3 19. h4 Qg3 20. Rf3 Bxf3 21. gxf3
d5 22. Rg1 Qf4 23. Nxd5 Nxd5 24. Be4 N7f6 25. Bxd5 O-O-O 26. Bxf7 Rd2 27. Rg2
Rd1+ 28. Rg1 Rgd8 29. Bc4 Rxg1+ 30. Kxg1 Qg3+ 0-1

[Event "4NCL/Div1/BAR1 vs. BAR2"]
[Site "West Bromwich ENG"]
[Date "2002.11.23"]
[Round "1.6"]
[White "Cox, John J"]
[Black "Collinson, Adam"]
[Result "1/2-1/2"]
[WhiteElo "2289"]
[BlackElo "2390"]
[PlyCount "32"]
[EventDate "2002.11.23"]

1. c4 e5 2. g3 Nf6 3. Bg2 c6 4. d4 Bb4+ 5. Bd2 Bxd2+ 6. Qxd2 d6 7. Nc3 O-O 8.
e3 Be6 9. b3 exd4 10. Qxd4 d5 11. cxd5 Nxd5 12. Nxd5 Bxd5 13. Bxd5 cxd5 14. Ne2
Nc6 15. Qd2 Ne5 16. Nd4 Qb6 1/2-1/2

[Event "4NCL/Div1/BAR1 vs. BAR2"]
[Site "West Bromwich ENG"]
[Date "2002.11.23"]
[Round "1.7"]
[White "Dishman, Stephen"]
[Black "Rich, Mark"]
[Result "1-0"]
[WhiteElo "2297"]
[BlackElo "2227"]
[PlyCount "91"]
[EventDate "2002.11.23"]

1. d4 f5 2. Nc3 d5 3. Bf4 c6 4. e3 Nf6 5. Bd3 g6 6. Nf3 Bg7 7. Ne2 Na6 8. a3
Nc7 9. c4 dxc4 10. Bxc4 Ncd5 11. Be5 Be6 12. Qc2 h6 13. Nf4 Nxf4 14. Bxf4 Bxc4
15. Qxc4 Qd5 16. Qb4 Qd7 17. Qb3 Nd5 18. Be5 O-O 19. Bxg7 Kxg7 20. Rc1 Rab8 {
(=)} 21. O-O Nf6 22. Ne5 Qe8 23. Qa4 a6 24. Qc2 Qc8 25. h3 Qe6 26. Nd3 Rfd8 27.
Nc5 Qd5 28. Qc4 Kf7 29. Rc3 Qxc4 30. Rxc4 Nd7 31. b4 Kf6 32. f4 Nb6 33. Rc2 Nd5
34. Kf2 Nc7 35. Kf3 g5 36. fxg5+ hxg5 37. Rcf2 Nb5 38. Ke2 e6 39. g4 f4 40. h4
Kg6 41. hxg5 Nxa3 42. Rxf4 Re8 43. Rf6+ Kxg5 44. Ne4+ Kxg4 45. Rg1+ Kh5 46.
Rg5+ 1-0

[Event "4NCL/Div1/BAR1 vs. BAR2"]
[Site "West Bromwich ENG"]
[Date "2002.11.23"]
[Round "1.8"]
[White "Regan, Natasha"]
[Black "Lauterbach, Ingrid"]
[Result "1/2-1/2"]
[WhiteElo "2200"]
[BlackElo "2142"]
[PlyCount "47"]
[EventDate "2002.11.23"]

1. e4 d5 2. exd5 Qxd5 3. Nc3 Qa5 4. Nf3 Nf6 5. Be2 g6 6. d4 Bg7 7. Be3 c6 8.
O-O O-O 9. Qd2 Rd8 10. Bh6 Bh8 11. Bc4 Qh5 12. Ne5 e6 13. Be2 Qh4 14. Bf4 Nh5
15. g3 Qe7 16. Bxh5 gxh5 17. Qe2 f6 18. Qxh5 Rxd4 19. Ng4 Bg7 20. Bh6 e5 21. f4
Bxg4 22. Qxg4 Nd7 23. Rad1 Nf8 24. Qxg7+ 1/2-1/2

[Event "4NCL/Div1/WGR2 vs. SLO1"]
[Site "West Bromwich ENG"]
[Date "2002.11.23"]
[Round "1.1"]
[White "Littlewood, Paul E"]
[Black "Wells, Peter K"]
[Result "0-1"]
[WhiteElo "2399"]
[BlackElo "2489"]
[PlyCount "94"]
[EventDate "2002.11.23"]

1. d4 Nf6 2. c4 e6 3. Nf3 d5 4. e3 a6 5. Nc3 dxc4 6. a4 c5 7. Bxc4 Nc6 8. O-O
Be7 9. dxc5 Qxd1 10. Rxd1 Bxc5 11. h3 b6 12. e4 Na5 13. Ba2 Bb7 14. e5 Nd7 15.
Ng5 Nxe5 16. Bf4 Nec6 17. Nge4 Nb4 18. Nxc5 bxc5 19. Bc7 Nxa2 20. Rxa2 Nb3 21.
a5 Rc8 22. Bb6 Ke7 23. Ra3 c4 24. Ra4 h6 25. Rb4 Ba8 26. Nb1 f5 27. Na3 Bd5 28.
Nc2 f4 29. f3 Nc5 30. Ne1 g5 31. Kf2 Nd7 32. Bd4 Rhg8 33. Bc3 Rb8 34. Rxb8 Rxb8
35. Rd4 Nc5 36. h4 Na4 37. hxg5 Nxc3 38. bxc3 Rb2+ 39. Kf1 hxg5 40. Rd1 Ra2 41.
Rb1 Rxa5 42. Nc2 g4 43. fxg4 Ra2 44. Nb4 Bxg2+ 45. Ke1 Ra3 46. Kd2 a5 47. Nc2
Ra2 0-1

[Event "4NCL/Div1/WGR2 vs. SLO1"]
[Site "West Bromwich ENG"]
[Date "2002.11.23"]
[Round "1.2"]
[White "Houska, Jovanka"]
[Black "Pein, Malcolm"]
[Result "1/2-1/2"]
[WhiteElo "2397"]
[BlackElo "2425"]
[PlyCount "111"]
[EventDate "2002.11.23"]

1. e4 e5 2. Nc3 Nc6 3. g3 Bc5 4. Bg2 a6 5. Nf3 d6 6. d3 Nge7 7. Be3 Bxe3 8.
fxe3 O-O 9. O-O Ng6 10. h3 Nce7 11. Qd2 f5 12. exf5 Nxf5 13. Ne2 c6 14. g4 Nfh4
15. Nxh4 Nxh4 16. Rxf8+ Qxf8 17. Rf1 Qe7 18. Ng3 Be6 19. c4 Rd8 20. Qb4 Qg5 21.
Qb6 Nxg2 22. Kxg2 d5 23. Qc5 dxc4 24. dxc4 h6 25. Rf2 Qg6 26. b3 Re8 27. e4 Qg5
28. Qd6 Qd8 29. Rd2 Qxd6 30. Rxd6 g6 31. Ne2 Kf7 32. Ng1 Ke7 33. Rd2 h5 34. g5
Rf8 35. Rf2 Rxf2+ 36. Kxf2 c5 37. Kg3 Kd6 38. Nf3 b5 39. cxb5 axb5 40. Nh4 Bf7
41. Kf3 b4 42. Ke3 c4 43. bxc4 Bxc4 44. Nxg6 Bxa2 45. Kd3 b3 46. Kc3 Bb1 47.
Kxb3 Bxe4 48. Nh4 Bd5+ 49. Kc3 Be6 50. Kd3 Bxh3 51. Ke4 Ke6 52. g6 Kf6 53. g7
Be6 54. Nf3 Bf5+ 55. Kd5 Be6+ 56. Ke4 1/2-1/2

[Event "4NCL/Div1/WGR2 vs. SLO1"]
[Site "West Bromwich ENG"]
[Date "2002.11.23"]
[Round "1.3"]
[White "Rechel, Bernd"]
[Black "Wohl, Aleksandar H"]
[Result "1-0"]
[WhiteElo "2414"]
[BlackElo "2422"]
[PlyCount "72"]
[EventDate "2002.11.23"]

1. e4 e5 2. f4 Nc6 3. Nf3 f5 4. d4 fxe4 5. Nxe5 Nf6 6. d5 Ne7 7. Nc3 a6 8. Ng4
Neg8 9. Ne3 Bb4 10. g4 Ne7 11. g5 Ng6 12. Qd4 Bxc3+ 13. bxc3 Nh5 14. f5 Qxg5
15. fxg6 Qh4+ 16. Kd1 d6 17. Bd2 O-O 18. gxh7+ Kh8 19. Kc1 c5 20. dxc6 bxc6 21.
Qxd6 Bg4 22. Nxg4 Qxg4 23. Qc5 Rad8 24. Qg5 Qd7 25. Be2 Nf6 26. a4 Nd5 27. c4
Nf6 28. Bc3 Qh3 29. Rg1 Rd7 30. Ra3 Qxh2 31. Rg2 Qh1+ 32. Kb2 e3 33. Rb3 c5 34.
Bd3 e2 35. Bxe2 Qh3 36. Bxf6 Qxh7 1-0

[Event "4NCL/Div1/WGR2 vs. SLO1"]
[Site "West Bromwich ENG"]
[Date "2002.11.23"]
[Round "1.4"]
[White "McNab, Colin A"]
[Black "Sowray, Peter J"]
[Result "0-1"]
[WhiteElo "2406"]
[BlackElo "2323"]
[PlyCount "76"]
[EventDate "2002.11.23"]

1. c4 c6 2. Nf3 d5 3. e3 Nf6 4. Nc3 Bg4 5. Be2 e6 6. h3 Bh5 7. b3 Bd6 8. Bb2
O-O 9. d3 Nbd7 10. g4 Bg6 11. h4 h5 12. gxh5 Nxh5 13. Nd2 Ndf6 14. Rg1 e5 15.
cxd5 cxd5 16. Rg5 d4 17. Nb5 Bb4 18. Rxe5 dxe3 19. Rxe3 Nf4 20. Kf1 Qd5 21. Ne4
Qxb5 22. Bxf6 gxf6 23. Nxf6+ Kh8 24. Rf3 Qe5 25. Nd7 Qxe2+ 26. Qxe2 Nxe2 27.
Nxf8 Rxf8 28. a3 Nd4 29. Rf4 Bxd3+ 30. Kg2 Bc3 31. Rd1 Bc2 32. Rdxd4 Bxd4 33.
Rxd4 Bxb3 34. Kf3 Be6 35. Kf4 Rc8 36. Kg5 Kg7 37. h5 Rc5+ 38. Kh4 Kh6 0-1

[Event "4NCL/Div1/WGR2 vs. SLO1"]
[Site "West Bromwich ENG"]
[Date "2002.11.23"]
[Round "1.5"]
[White "Tiller, Bjorn"]
[Black "Houska, Miroslav"]
[Result "1-0"]
[WhiteElo "2380"]
[BlackElo "2298"]
[PlyCount "65"]
[EventDate "2002.11.23"]

1. e4 Nc6 2. d4 e5 3. dxe5 Nxe5 4. Nf3 Bb4+ 5. c3 Nxf3+ 6. Qxf3 Bc5 7. Bc4 Qf6
8. Bf4 d6 9. O-O Ne7 10. Qg3 Ng6 11. Be3 Bb6 12. Nd2 O-O 13. f4 Bd7 14. Rae1
Rae8 15. Kh1 Bxe3 16. Rxe3 Bc6 17. Bd3 Re7 18. Qg4 Bd7 19. Qf3 Rfe8 20. g3 Bc6
21. Kg1 Nf8 22. Nb3 b6 23. Nd4 Ba8 24. g4 c5 25. Nf5 Re6 26. g5 Qxf5 27. exf5
Rxe3 28. Qd1 d5 29. Kf2 c4 30. Bc2 b5 31. Qd2 R3e7 32. f6 Re6 33. Bf5 1-0

[Event "4NCL/Div1/WGR2 vs. SLO1"]
[Site "West Bromwich ENG"]
[Date "2002.11.23"]
[Round "1.6"]
[White "Devereaux, Maxim"]
[Black "Lee, Graham D"]
[Result "1-0"]
[WhiteElo "2305"]
[BlackElo "2367"]
[PlyCount "117"]
[EventDate "2002.11.23"]

1. d4 Nf6 2. c4 c5 3. d5 e5 4. Nc3 d6 5. e4 Be7 6. g3 O-O 7. Bg2 Ne8 8. Nge2
Bg5 9. O-O Bxc1 10. Nxc1 Nd7 11. Nd3 g6 12. f4 Qe7 13. Qe2 b6 14. Bh3 f6 15.
Be6+ Kg7 16. a4 Nc7 17. f5 Rb8 18. Nb5 Rb7 19. Ra3 a5 20. Nxc7 Rxc7 21. Nf2 g5
22. h4 h6 23. Kg2 Rh8 24. Rh1 Qe8 25. g4 Nf8 26. hxg5 hxg5 27. Qd1 Rh7 28.
Rxh7+ Nxh7 29. Rh3 Kh8 30. b3 Qf8 31. Qh1 Rg7 32. Rh6 Bd7 33. Nd1 Be8 34. Ne3
Re7 35. Nf1 Rc7 36. Ng3 Qg7 37. Kf3 Qf8 38. Rg6 Rg7 39. Qh5 Rc7 40. Ne2 Rg7 41.
Nc3 Qe7 42. Nb5 Bxb5 43. axb5 Qf8 44. Kg2 Qe7 45. Rxg7 Qxg7 46. Bf7 Qf8 47. Bg6
Qg7 48. Bxh7 Qxh7 49. Qe8+ Kg7 50. Qe7+ Kg8 51. Qxf6 Qh4 52. Qg6+ Kf8 53. Qxd6+
Kf7 54. Qe6+ Kf8 55. Qxe5 Qxg4+ 56. Kf2 Qh4+ 57. Qg3 Qxe4 58. Qd6+ Kg7 59. Qg6+
1-0

[Event "4NCL/Div1/WGR2 vs. SLO1"]
[Site "West Bromwich ENG"]
[Date "2002.11.23"]
[Round "1.7"]
[White "Tan, Desmond"]
[Black "de Coverly, Roger"]
[Result "1-0"]
[WhiteElo "2307"]
[BlackElo "2113"]
[PlyCount "53"]
[EventDate "2002.11.23"]

1. e4 e5 2. Nf3 Nc6 3. Bb5 a6 4. Ba4 Nf6 5. O-O Be7 6. Re1 b5 7. Bb3 d6 8. c3
O-O 9. d3 Na5 10. Bc2 c5 11. Nbd2 Re8 12. Nf1 g6 13. Bg5 Ng4 14. Bd2 f5 15. b4
Nb7 16. Bb3+ Kg7 17. exf5 gxf5 18. h3 Nh6 19. Bd5 Rb8 20. bxc5 Nxc5 21. d4 Nd7
22. dxe5 Nxe5 23. Nxe5 dxe5 24. Rxe5 Bf6 25. Rxe8 Qxe8 26. Qf3 Nf7 27. Qg3+ 1-0

[Event "4NCL/Div1/WGR2 vs. SLO1"]
[Site "West Bromwich ENG"]
[Date "2002.11.23"]
[Round "1.8"]
[White "Johnson, Nigel A"]
[Black "Jackson, Sheila"]
[Result "1/2-1/2"]
[WhiteElo "1672"]
[BlackElo "2173"]
[PlyCount "95"]
[EventDate "2002.11.23"]

1. e4 e5 2. Nf3 Nc6 3. Bb5 a6 4. Ba4 Nf6 5. O-O Be7 6. Bxc6 dxc6 7. Qe2 Nd7 8.
b3 O-O 9. Bb2 f6 10. d4 exd4 11. Nxd4 Ne5 12. Nd2 Bg4 13. N4f3 Bd6 14. h3 Bh5
15. Rad1 Qe7 16. Rfe1 Rad8 17. Nf1 Bxf3 18. gxf3 Ng6 19. Qc4+ Qf7 20. Qxf7+
Kxf7 21. Ng3 Nh4 22. Re3 Bxg3 23. Rxd8 Bxf2+ 24. Kxf2 Rxd8 25. Re2 Ng6 26. Ke3
Rd1 27. Rh2 Ke6 28. h4 h5 29. Bc3 Rg1 30. Kf2 Rc1 31. Ke3 Rg1 32. Bb2 Ne5 33.
Ke2 Rg3 34. Bxe5 fxe5 35. Kf2 Rg6 36. Rh1 Rf6 37. Rg1 g6 38. Rg5 a5 39. Rg1 Kf7
40. Rg5 Ke6 41. a4 b5 42. c4 bxa4 43. bxa4 Kd6 44. Ke3 c5 {(=)} 45. Rg1 c6 46.
Kf2 Kc7 47. Rg5 Kd6 48. Ke3 1/2-1/2

[Event "4NCL/Div1/WGR1 vs. WGR2"]
[Site "West Bromwich ENG"]
[Date "2002.11.24"]
[Round "2.1"]
[White "Adams, Michael"]
[Black "Littlewood, Paul E"]
[Result "1-0"]
[WhiteElo "2745"]
[BlackElo "2399"]
[PlyCount "55"]
[EventDate "2002.11.24"]

1. e4 c5 2. Nf3 d6 3. d4 cxd4 4. Nxd4 Nf6 5. Nc3 g6 6. Be3 Bg7 7. f3 O-O 8. Qd2
Nc6 9. O-O-O d5 10. exd5 Nxd5 11. Nxc6 bxc6 12. Bd4 e5 13. Bc5 Be6 14. Ne4 Rb8
15. c4 Qc8 16. Bxf8 Qxf8 17. Kb1 Nb6 18. Qd6 Qe8 19. Qc7 f5 20. Nc5 Bf7 21. Nb7
Nxc4 22. Bxc4 Bxc4 23. Nd6 Bxa2+ 24. Kxa2 Qe6+ 25. Kb1 Qb3 26. Nc4 Rb4 27. Rd8+
Bf8 28. Qd6 1-0

[Event "4NCL/Div1/WGR1 vs. WGR2"]
[Site "West Bromwich ENG"]
[Date "2002.11.24"]
[Round "2.2"]
[White "Pein, Malcolm"]
[Black "Speelman, Jonathan S"]
[Result "0-1"]
[WhiteElo "2425"]
[BlackElo "2583"]
[PlyCount "52"]
[EventDate "2002.11.24"]

1. d4 Nf6 2. c4 d6 3. Nf3 Nbd7 4. Nc3 e5 5. e4 Be7 6. Be2 O-O 7. O-O c6 8. Qc2
a6 9. Rd1 Qc7 10. Be3 Re8 11. h3 exd4 12. Nxd4 Bf8 13. Rab1 b6 14. f4 Bb7 15.
Bf3 b5 16. Nce2 c5 17. cxb5 Bxe4 18. Bxe4 Rxe4 19. Bf2 Rae8 20. Rd2 Qb7 21. Nc3
Rxd4 22. Bxd4 cxd4 23. bxa6 Qb6 24. Na4 Qxa6 25. Rxd4 d5 26. b4 Qa7 0-1

[Event "4NCL/Div1/WGR1 vs. WGR2"]
[Site "West Bromwich ENG"]
[Date "2002.11.24"]
[Round "2.3"]
[White "Baburin, Alexander"]
[Black "Rechel, Bernd"]
[Result "1-0"]
[WhiteElo "2580"]
[BlackElo "2414"]
[PlyCount "51"]
[EventDate "2002.11.24"]

1. d4 f5 2. g3 Nf6 3. Bg2 g6 4. Nf3 Bg7 5. O-O O-O 6. b4 d6 7. Bb2 c6 8. c4 Na6
9. a3 h6 10. Nbd2 g5 11. Qc2 Nc7 12. Rfe1 Qe8 13. e4 fxe4 14. Nxe4 Qg6 15. d5
Bf5 16. Nxf6+ Bxf6 17. Qd2 Bxb2 18. Qxb2 e5 19. dxc6 bxc6 20. Nd2 Bd7 21. c5
Nb5 22. Nc4 Rae8 23. cxd6 e4 24. Rad1 Qf7 25. Ne5 Qg7 26. Rxe4 1-0

[Event "4NCL/Div1/WGR1 vs. WGR2"]
[Site "West Bromwich ENG"]
[Date "2002.11.24"]
[Round "2.4"]
[White "Sowray, Peter J"]
[Black "Lalic, Bogdan"]
[Result "1/2-1/2"]
[WhiteElo "2323"]
[BlackElo "2542"]
[PlyCount "74"]
[EventDate "2002.11.24"]

1. d4 Nf6 2. c4 g6 3. Nf3 Bg7 4. g3 c5 5. d5 b5 6. cxb5 a6 7. bxa6 d6 8. Bg2
O-O 9. O-O Nxa6 10. Nc3 Bf5 11. Re1 Ne4 12. Nxe4 Bxe4 13. Nd2 Bxg2 14. Kxg2 Nb4
15. Qb3 Qa5 16. a4 Rfb8 17. Nf3 Qa6 18. Nd2 Qb7 19. e4 Qa6 20. Re3 c4 21. Qd1
Rc8 22. Nb1 Nd3 23. Nc3 Rcb8 24. Ra3 Bd4 25. Re2 Bc5 26. Ra2 Rb3 27. Be3 Bxe3
28. Rxe3 Rxb2 29. Rxb2 Nxb2 30. Qd4 Nd3 31. Re2 Rb8 32. Ra2 Ne1+ 33. Kf1 Nf3
34. Qd1 Ne5 35. Qd4 Nf3 36. Qd1 Ne5 37. Qd4 Nf3 1/2-1/2

[Event "4NCL/Div1/WGR1 vs. WGR2"]
[Site "West Bromwich ENG"]
[Date "2002.11.24"]
[Round "2.5"]
[White "Ward, Christopher"]
[Black "Tiller, Bjorn"]
[Result "1-0"]
[WhiteElo "2513"]
[BlackElo "2380"]
[PlyCount "55"]
[EventDate "2002.11.24"]

1. d4 g6 2. e4 Bg7 3. c4 d6 4. Nc3 e5 5. d5 f5 6. exf5 gxf5 7. Qh5+ Kf8 8. f4
Nf6 9. Qh4 e4 10. h3 Qe7 11. Qf2 h5 12. Nge2 c5 13. dxc6 Nxc6 14. Be3 Be6 15.
Nd4 Nxd4 16. Bxd4 h4 17. Be2 Rc8 18. b3 a6 19. O-O d5 20. cxd5 Nxd5 21. Nxd5
Bxd5 22. Rac1 e3 23. Rxc8+ Kf7 24. Bh5+ Rxh5 25. Qxe3 Qxe3+ 26. Bxe3 Rh6 27.
Rc7+ Kg8 28. Rd1 1-0

[Event "4NCL/Div1/WGR1 vs. WGR2"]
[Site "West Bromwich ENG"]
[Date "2002.11.24"]
[Round "2.6"]
[White "Lee, Graham D"]
[Black "Turner, Matthew J"]
[Result "0-1"]
[WhiteElo "2367"]
[BlackElo "2519"]
[PlyCount "90"]
[EventDate "2002.11.24"]

1. e4 c5 2. c3 d5 3. exd5 Qxd5 4. d4 Nf6 5. Nf3 Nc6 6. Be3 e5 7. Nxe5 Nxe5 8.
dxe5 Qxd1+ 9. Kxd1 Ng4 10. Bb5+ Bd7 11. Bxd7+ Kxd7 12. Ke2 Re8 13. f4 g5 14.
Na3 Kc6 15. Rad1 gxf4 16. Bxf4 Nxe5 17. Kf2 Ng6 18. Bc1 Bd6 19. Rhe1 Rxe1 20.
Rxe1 Rg8 21. g3 h5 22. Nc4 Bc7 23. a4 h4 24. Re3 hxg3+ 25. hxg3 a6 26. Rf3 Kd5
27. b3 b5 28. axb5 axb5 29. Rf5+ Ke4 30. Rxc5 Bxg3+ 31. Kxg3 Ne5+ 32. Kh4 bxc4
33. bxc4 f6 34. Rd5 Kf3 35. Kh5 Rg1 36. Kh6 Rxc1 37. Kg7 Ng4 38. Kg6 Rxc3 39.
Rd4 Re3 40. c5 Rc3 41. Rd5 Ke4 42. Rh5 Rc1 43. Rf5 Rg1 44. Rh5 f5 45. c6 Ne5+
0-1